Statistics for GOOD Taylor Swift Quiz

Click here to take the quiz!

General Stats

  • This quiz has been taken 20 times
  • The average score is 6 of 11

Answer Stats

HintAnswer% Correct
What year was she born(you better know this)1989
84%
What sport does Travis Kelce playFootball
79%
Who is she currently dating(as of 2024)Travis Kelce
79%
How old is she(of 2024)34
74%
How Long is the Eras Tour Movie(Extended Version)3 hours
74%
What number is Travis Kelce87
74%
What position does Travis Kelce playTight End
47%
When is her BirthdayDecember 13, 1989
42%
Who does Travis Kelce play forCheifs
32%
About how long is the Eras Tour Concert3 and a half hours
16%
When did she launch her Eras TourMarch 17, 2023
11%

Score Distribution

Percentile by Number Answered

Percent of People with Each Score

Your Score History

You have not taken this quiz